[Event "Kimry-ch"]
[Site "Kimry"]
[Date "2015.01.03"]
[Round "3"]
[White "Kuryshkin, Anatoliy"]
[Black "Guseva, Lidia"]
[Result "1-0"]
[WhiteElo "1937"]
[BlackElo "1956"]
[PlyCount "47"]
[EventDate "2015.01.02"]
[EventType "swiss"]
[EventRounds "9"]
[EventCountry "RUS"]
[SourceTitle "CBM 164 Extra"]
[Source "ChessBase"]
[SourceDate "2015.03.02"]
[SourceVersion "1"]
[SourceVersionDate "2015.03.02"]
[SourceQuality "1"]

1. e4 Nf6 2. e5 Nd5 3. d4 d6 4. c4 Nb6 5. Nf3 g6 6. Nc3 Bg7 7. Be3 0-0 8. Be2 Nc6 9. exd6 cxd6 10. d5 Ne5 11. Nxe5 Bxe5 12. Bd4 Bxd4 13. Qxd4 Nd7 14. h4 Qb6 15. Qd2 Nf6 16. h5 Bd7 17. 0-0-0 Qc7 18. Qh6 b5 19. Rd4 b4 20. Ne4 Nxe4 21. Rxe4 Bf5 22. hxg6 Bxg6 23. Rg4 e5 24. Qxh7# 1-0

[Event "Konakovo Chervonny op"]
[Site "Konakovo"]
[Date "2014.09.19"]
[Round "5"]
[White "Dzera, Evgeniy"]
[Black "Guseva, Lidia"]
[Result "1-0"]
[WhiteElo "2150"]
[BlackElo "1956"]
[PlyCount "89"]
[EventDate "2014.09.17"]
[EventType "swiss"]
[EventRounds "9"]
[EventCountry "RUS"]
[SourceTitle "CBM 162 Extra"]
[Source "ChessBase"]
[SourceDate "2014.10.17"]
[SourceVersion "1"]
[SourceVersionDate "2014.10.17"]
[SourceQuality "1"]

1. c4 Nc6 2. Nc3 Nf6 3. g3 g6 4. Bg2 Bg7 5. d4 e6 6. e4 d6 7. Nge2 e5 8. d5 Ne7 9. 0-0 Bg4 10. f3 Bd7 11. Be3 h5 12. h3 Nh7 13. f4 f6 14. fxe5 fxe5 15. Qd2 Ng8 16. Rf2 Bf6 17. Raf1 g5 18. b4 Qc8 19. Kh2 Ke7 20. c5 h4 21. gxh4 g4 22. Bg5 Nxg5 23. hxg5 g3+ 24. Nxg3 Bxh3 25. gxf6+ Nxf6 26. Kg1 Qg4 27. Rxf6 Rag8 28. R6f3 Ke8 29. Qf2 Bxg2 30. Qxg2 Rh3 31. Nce2 Qh4 32. R1f2 Rh8 33. a4 Qg4 34. Kf1 Rg8 35. Ke1 a6 36. Kd2 Rgh8 37. Ke3 Qg5+ 38. Kd3 Qg4 39. Ng1 Rh2 40. Rf8+ Rxf8 41. Rxf8+ Kxf8 42. Qxh2 Qd1+ 43. Ke3 Qg4 44. Qh8+ Kf7 45. Qh5+ 1-0

[Event "Konakovo Chervonny op"]
[Site "Konakovo"]
[Date "2014.09.17"]
[Round "1"]
[White "Guseva, Lidia"]
[Black "Shukurov, Saodiddin"]
[Result "1-0"]
[WhiteElo "1956"]
[BlackElo "1687"]
[PlyCount "113"]
[EventDate "2014.09.17"]
[EventType "swiss"]
[EventRounds "9"]
[EventCountry "RUS"]
[SourceTitle "CBM 162 Extra"]
[Source "ChessBase"]
[SourceDate "2014.10.17"]
[SourceVersion "1"]
[SourceVersionDate "2014.10.17"]
[SourceQuality "1"]

1. e4 e5 2. f4 d5 3. exd5 Qxd5 4. Nc3 Qc5 5. Qe2 f6 6. fxe5 Qxe5 7. Qxe5+ fxe5 8. Nf3 Bd6 9. Bc4 Nf6 10. 0-0 h6 11. Re1 Nbd7 12. d4 e4 13. Nxe4 Nxe4 14. Rxe4+ Kd8 15. Bd2 Nf6 16. Ree1 Re8 17. Rxe8+ Kxe8 18. Re1+ Kf8 19. Ne5 Bf5 20. Bb3 Bh7 21. Rf1 Ke7 22. Re1 Kf8 23. c4 c5 24. Bc3 Re8 25. d5 Kg8 26. Nf3 Rxe1+ 27. Bxe1 Kf7 28. h3 g5 29. g4 Bd3 30. a4 Nd7 31. Bc3 Nb6 32. Nd2 Bf4 33. a5 Nc8 34. Nf3 Be3+ 35. Kh2 Bf4+ 36. Kg2 Be4 37. Kf2 Bxf3 38. Kxf3 Nd6 39. h4 b5 40. axb6 axb6 41. Bh8 b5 42. cxb5 Nxb5 43. d6+ Kg6 44. d7 Bc7 45. h5+ Kh7 46. Bf6 Nd4+ 47. Bxd4 cxd4 48. Ke4 d3 49. Kxd3 Kg7 50. Kd4 Kf6 51. Kd5 Ke7 52. Ba4 Ba5 53. Kc5 Bd2 54. b4 Kd8 55. Bc6 Kc7 56. b5 Be3+ 57. Kd5 1-0

[Event "Konakovo Rating 10th"]
[Site "Konakovo"]
[Date "2014.07.10"]
[Round "1"]
[White "Guseva, Antonina"]
[Black "Guseva, Lidia"]
[Result "1/2-1/2"]
[WhiteElo "1701"]
[BlackElo "1686"]
[PlyCount "24"]
[EventDate "2014.07.10"]
[EventType "tourn"]
[EventRounds "11"]
[EventCountry "RUS"]
[SourceTitle "EXT 2022"]
[Source "ChessBase"]
[SourceDate "2021.10.06"]
[SourceVersion "1"]
[SourceVersionDate "2021.10.06"]
[SourceQuality "1"]

1. e4 c6 2. d4 d5 3. Nc3 dxe4 4. Nxe4 Bf5 5. Ng3 Bg6 6. Nf3 e6 7. Bc4 Nf6 8. 0-0 Be7 9. Be3 0-0 10. c3 Nbd7 11. Rc1 Rc8 12. Qe2 Qc7 1/2-1/2

[Event "Kimry Summer op 69th"]
[Site "Kimry"]
[Date "2014.06.10"]
[Round "6"]
[White "Krylov, Ivan"]
[Black "Guseva, Lidia"]
[Result "1-0"]
[WhiteElo "2276"]
[BlackElo "1672"]
[PlyCount "91"]
[EventDate "2014.06.08"]
[EventType "swiss"]
[EventRounds "7"]
[EventCountry "RUS"]
[SourceTitle "CBM 160 Extra"]
[Source "ChessBase"]
[SourceDate "2014.07.01"]
[SourceVersion "1"]
[SourceVersionDate "2014.07.01"]
[SourceQuality "1"]

1. d4 Nc6 2. Nf3 d5 3. Bg5 Bf5 4. e3 Qd7 5. Bd3 Bg6 6. 0-0 e6 7. c4 Be7 8. Bxe7 Ngxe7 9. Nc3 0-0 10. Rc1 a6 11. a3 f6 12. b4 Rfd8 13. cxd5 Nxd5 14. Bc4 Kh8 15. Qb3 Bh5 16. Be2 Nce7 17. Ne4 b6 18. Rc2 Bg6 19. Bd3 e5 20. dxe5 Nxe3 21. fxe3 Qxd3 22. Qxd3 Rxd3 23. exf6 Nd5 24. fxg7+ Kxg7 25. Neg5 Rxe3 26. Rc6 Rae8 27. Nd4 R8e7 28. Nge6+ Kh6 29. Nxc7 Rxc7 30. Nf5+ Kg5 31. h4+ Kh5 32. Rxc7 Rxa3 33. Rc4 Ne3 34. Nxe3 Rxe3 35. Rf6 a5 36. Rxb6 axb4 37. Rcxb4 Re2 38. R6b5+ Kh6 39. Rg5 Rd2 40. Kh2 Rd3 41. Rf4 Re3 42. Rb4 Rd3 43. Ra5 Rc3 44. h5 Bxh5 45. Rh4 Kg6 46. Raxh5 1-0

[Event "Konakovo Rating 8th"]
[Site "Konakovo"]
[Date "2013.07.17"]
[Round "6"]
[White "Guseva, Lidia"]
[Black "Dzera, Evgeniy"]
[Result "0-1"]
[WhiteElo "1612"]
[BlackElo "2155"]
[PlyCount "64"]
[EventDate "2013.07.06"]
[EventType "tourn"]
[EventRounds "11"]
[EventCountry "RUS"]
[SourceTitle "EXT 2014"]
[Source "ChessBase"]
[SourceDate "2013.11.20"]
[SourceVersion "1"]
[SourceVersionDate "2013.11.20"]
[SourceQuality "1"]

1. d4 Nf6 2. c4 c5 3. d5 e5 4. Nf3 d6 5. h3 g6 6. Nc3 Bg7 7. e4 0-0 8. Bg5 a6 9. a4 Qc7 10. Qd2 Ne8 11. g4 f6 12. Bh6 Qf7 13. Ne2 a5 14. Ng3 b6 15. Nh4 Na6 16. Ra3 Nb4 17. Kd1 Bd7 18. Rf3 Bxa4+ 19. b3 Bd7 20. Bxg7 Qxg7 21. Nh5 Qe7 22. Qh6 gxh5 23. gxh5 Rf7 24. Rg3+ Rg7 25. Rhg1 a4 26. Ng6 Qf7 27. bxa4 Rxa4 28. Nh4 Ra2 29. Rxg7+ Nxg7 30. Qc1 Qxh5+ 31. f3 Ba4+ 32. Ke1 Qxh4+ 0-1

[Event "Konakovo Rating 8th"]
[Site "Konakovo"]
[Date "2013.07.16"]
[Round "5"]
[White "Milutin, Lev"]
[Black "Guseva, Lidia"]
[Result "0-1"]
[WhiteElo "1937"]
[BlackElo "1612"]
[PlyCount "100"]
[EventDate "2013.07.06"]
[EventType "tourn"]
[EventRounds "11"]
[EventCountry "RUS"]
[SourceTitle "EXT 2014"]
[Source "ChessBase"]
[SourceDate "2013.11.20"]
[SourceVersion "1"]
[SourceVersionDate "2013.11.20"]
[SourceQuality "1"]

1. d4 Nf6 2. c4 e5 3. e3 exd4 4. exd4 Nc6 5. a3 d5 6. c5 Ne4 7. Nf3 Bg4 8. Be2 Be7 9. 0-0 0-0 10. b4 a6 11. Be3 f5 12. Bf4 Bxf3 13. Bxf3 g5 14. Be3 f4 15. Bc1 Bf6 16. Bb2 Qd7 17. h3 Qg7 18. Qb3 Qf7 19. Rd1 Rad8 20. a4 Rfe8 21. Na3 Ne7 22. b5 Nf5 23. Nc2 Nh4 24. Rab1 h5 25. Qd3 Qg6 26. Re1 g4 27. Bxe4 dxe4 28. Qb3+ Kh7 29. Kh2 Rg8 30. Rg1 Nf5 31. Rbd1 g3+ 32. fxg3 Qxg3+ 33. Qxg3 Rxg3 34. Bc1 e3 35. d5 Bc3 36. Ne1 Rdg8 37. d6 cxd6 38. cxd6 Nd4 39. bxa6 bxa6 40. Ba3 Bxe1 41. Rxd4 Bf2 42. Rxf4 Bxg1+ 43. Kxg1 Rxg2+ 44. Kf1 e2+ 45. Ke1 Rb8 46. Bb4 a5 47. d7 axb4 48. Rd4 Rf8 49. Kd2 Rf1 50. Kd3 Rd1+ 0-1

[Event "Kimry Summer op 66th"]
[Site "Kimry"]
[Date "2013.06.11"]
[Round "7"]
[White "Guseva, Lidia"]
[Black "Bykov, Oleg1111"]
[Result "1-0"]
[WhiteElo "1602"]
[BlackElo "2270"]
[PlyCount "51"]
[EventDate "2013.06.08"]
[EventType "swiss"]
[EventRounds "7"]
[EventCountry "RUS"]
[SourceTitle "CBM 155 Extra"]
[Source "ChessBase"]
[SourceDate "2013.08.26"]
[SourceVersion "1"]
[SourceVersionDate "2013.08.26"]
[SourceQuality "1"]

1. d4 Nf6 2. c4 g6 3. Nc3 d5 4. g3 Bg7 5. Bg2 c6 6. Nf3 0-0 7. 0-0 dxc4 8. Ne5 c5 9. dxc5 Qc7 10. Nxc4 Qxc5 11. Na3 a6 12. Be3 Qc7 13. Qb3 Nbd7 14. Rac1 Rb8 15. Nd5 Qd8 16. Nc7 b6 17. Rfd1 Bb7 18. Bxb7 Rxb7 19. Nxa6 Qa8 20. Nc7 Qa5 21. Nab5 Nc5 22. Bxc5 bxc5 23. Rxc5 Qb6 24. Qe3 e6 25. b4 Rc8 26. Rd6 1-0

[Event "Kimry Summer op 66th"]
[Site "Kimry"]
[Date "2013.06.10"]
[Round "5"]
[White "Guseva, Lidia"]
[Black "Kuryshkin, Anatoliy"]
[Result "0-1"]
[WhiteElo "1602"]
[BlackElo "2008"]
[PlyCount "68"]
[EventDate "2013.06.08"]
[EventType "swiss"]
[EventRounds "7"]
[EventCountry "RUS"]
[SourceTitle "CBM 155 Extra"]
[Source "ChessBase"]
[SourceDate "2013.08.26"]
[SourceVersion "1"]
[SourceVersionDate "2013.08.26"]
[SourceQuality "1"]

1. d4 d5 2. c4 c6 3. g3 Bf5 4. Bg2 Nf6 5. Nf3 e6 6. 0-0 dxc4 7. Nc3 Bb4 8. a3 Bxc3 9. bxc3 Ne4 10. Bb2 Qa5 11. Qc1 Nd7 12. Nd2 Nxd2 13. Qxd2 Nf6 14. Qg5 0-0 15. e4 h6 16. Qe3 Bg6 17. f4 Nd7 18. g4 Rae8 19. Qg3 Qc7 20. Qh3 f5 21. e5 Qb6 22. Bc1 fxg4 23. Qxg4 Bf5 24. Qg3 Qb3 25. a4 Kh7 26. Ba3 Rg8 27. Bd6 g5 28. Kh1 gxf4 29. Qxf4 Rxg2 30. Kxg2 Rg8+ 31. Kh1 Qc2 32. Qg3 Be4+ 33. Rf3 Rxg3 34. Rg1 Bxf3+ 0-1

[Event "Konakovo Rating 7th"]
[Site "Konakovo"]
[Date "2012.07.22"]
[Round "9"]
[White "Kovalev, Aleksandr"]
[Black "Guseva, Lidia"]
[Result "0-1"]
[WhiteElo "1975"]
[BlackElo "1489"]
[PlyCount "100"]
[EventDate "2012.07.18"]
[EventType "tourn"]
[EventRounds "13"]
[EventCountry "RUS"]
[SourceTitle "EXT 2014"]
[Source "ChessBase"]
[SourceDate "2013.11.20"]
[SourceVersion "1"]
[SourceVersionDate "2013.11.20"]
[SourceQuality "1"]

1. e4 c5 2. Nf3 Nc6 3. c3 d5 4. e5 Bg4 5. d4 cxd4 6. cxd4 e6 7. Be2 Bb4+ 8. Nc3 Nge7 9. Be3 Nf5 10. 0-0 Nxe3 11. fxe3 0-0 12. a3 Be7 13. Rc1 f6 14. exf6 Bxf6 15. Qb3 Na5 16. Qd1 Rc8 17. Nd2 Bxe2 18. Nxe2 Bg5 19. Nf4 Bxf4 20. exf4 Rxc1 21. Qxc1 Qc8 22. g3 Nc6 23. Nf3 a6 24. Qe3 Qd7 25. Re1 Nd8 26. Ng5 Rf6 27. Rc1 Nc6 28. Nf3 Rf8 29. Rd1 Rf6 30. Re1 h6 31. Rc1 Rf8 32. Nd2 Ne7 33. Nb3 b6 34. Qe5 Nc6 35. Qe2 Nb8 36. Rc3 Rc8 37. Re3 Re8 38. f5 Kf7 39. Qh5+ Kf8 40. Re5 Nc6 41. fxe6 Rxe6 42. Rxd5 Qe7 43. Rf5+ Kg8 44. d5 Re1+ 45. Kg2 Qe4+ 46. Qf3 Re2+ 47. Kh3 Qxf3 48. Rxf3 Ne5 49. Rf5 g5 50. Nd4 g4+ 0-1

[Event "Konakovo Rating 7th"]
[Site "Konakovo"]
[Date "2012.07.21"]
[Round "8"]
[White "Guseva, Lidia"]
[Black "Blinov, Sergey"]
[Result "0-1"]
[WhiteElo "1489"]
[BlackElo "1960"]
[PlyCount "70"]
[EventDate "2012.07.18"]
[EventType "tourn"]
[EventRounds "13"]
[EventCountry "RUS"]
[SourceTitle "EXT 2014"]
[Source "ChessBase"]
[SourceDate "2013.11.20"]
[SourceVersion "1"]
[SourceVersionDate "2013.11.20"]
[SourceQuality "1"]

1. e4 e6 2. d4 b6 3. Nf3 Bb7 4. Bd3 g6 5. Nc3 Bg7 6. Be3 Nf6 7. Bg5 h6 8. Be3 Ng4 9. h3 Nxe3 10. fxe3 Nc6 11. Qd2 d6 12. Bb5 0-0 13. g4 a6 14. Be2 e5 15. d5 Ne7 16. Bd3 b5 17. Ne2 c6 18. dxc6 Bxc6 19. Ng3 Qb6 20. h4 f5 21. gxf5 gxf5 22. Qe2 fxe4 23. Bxe4 d5 24. Nh5 dxe4 25. Nxe5 Bxe5 26. Qg4+ Kh8 27. 0-0-0 Qxe3+ 28. Kb1 Qf3 29. Qe6 Qxh5 30. Qxe7 Rfe8 31. Qc5 Rac8 32. Qe3 Kh7 33. Rdf1 Rcd8 34. Qa7+ Rd7 35. Qxa6 Red8 0-1

[Event "Konakovo Rating 7th"]
[Site "Konakovo"]
[Date "2012.07.20"]
[Round "6"]
[White "Guseva, Lidia"]
[Black "Dzera, Evgeniy"]
[Result "0-1"]
[WhiteElo "1489"]
[BlackElo "2160"]
[PlyCount "56"]
[EventDate "2012.07.18"]
[EventType "tourn"]
[EventRounds "13"]
[EventCountry "RUS"]
[SourceTitle "EXT 2014"]
[Source "ChessBase"]
[SourceDate "2013.11.20"]
[SourceVersion "1"]
[SourceVersionDate "2013.11.20"]
[SourceQuality "1"]

1. e4 c5 2. d4 cxd4 3. c3 dxc3 4. Nxc3 d6 5. Bc4 e6 6. Nf3 Nc6 7. 0-0 Be7 8. Qe2 Nf6 9. Rd1 e5 10. Nd5 0-0 11. Nxe7+ Qxe7 12. Bg5 Bg4 13. h3 Nd4 14. Qd3 Bxf3 15. gxf3 Rfd8 16. f4 h6 17. Bh4 Rac8 18. Rac1 Rc7 19. Bd5 Rdc8 20. Rxc7 Rxc7 21. f5 Kh7 22. f4 Rc2 23. Kh1 Rxb2 24. Rd2 Rxd2 25. Qxd2 Nf3 26. Qf2 Nxh4 27. Qxh4 Nxd5 28. Qf2 Nxf4 0-1

[Event "Konakovo Chervonny op"]
[Site "Konakovo"]
[Date "2011.09.25"]
[Round "7"]
[White "Guseva, Lidia"]
[Black "Guseva, Antonina"]
[Result "1/2-1/2"]
[WhiteElo "1502"]
[BlackElo "1621"]
[PlyCount "54"]
[EventDate "2011.09.22"]
[EventType "swiss"]
[EventRounds "7"]
[EventCountry "RUS"]
[SourceTitle "EXT 2012"]
[Source "ChessBase"]
[SourceDate "2011.11.24"]
[SourceVersion "1"]
[SourceVersionDate "2011.11.24"]
[SourceQuality "1"]

1. e4 c6 2. d4 d5 3. Nc3 dxe4 4. Nxe4 Nf6 5. Nxf6+ exf6 6. Nf3 Be6 7. Be3 Nd7 8. Bd3 Qa5+ 9. Qd2 Qh5 10. 0-0-0 Bd6 11. h3 a5 12. Bf4 Bxf4 13. Qxf4 a4 14. Rhe1 0-0 15. Nd2 Qg5 16. Qxg5 fxg5 17. Bc4 Bxc4 18. Nxc4 Rfd8 19. d5 c5 20. d6 b5 21. Ne5 f6 22. Nxd7 Rxd7 23. Re7 Rxe7 24. dxe7 Re8 25. Rd8 Kf7 26. Rxe8 Kxe8 27. Kd2 Kxe7 1/2-1/2